000 00520nam a2200169Ia 4500
003 Ost
005 20260507075747.0
008 260507s9999||||xx |||||||||||||| ||und||
040 _cfsecg
041 _aara
082 _a330
100 _aبايللي، محمود محمد
_eمؤلف
245 0 _aالمصارف الاسلامية ضرورة حتمية /
_c محمود محمد بايللي
260 _aبيروت:
_bالمكتب الاسلامي,
_c1998
653 _aمصارف اسلامية
942 _cكتاب
999 _c46209
_d46209